Normal view
MARC view
Entry Geographic Name
001 - CONTROL NUMBER
- control field: 413751
003 - CONTROL NUMBER IDENTIFIER
- control field:
005 - DATE AND TIME OF LATEST TRANSACTION
- control field: 20210602122507.0
008 - FIXED-LENGTH DATA ELEMENTS
- fixed length control field: 210602|| aca||aabn | a|a d
040 ## - CATALOGING SOURCE
- Original cataloging agency:
- Transcribing agency:
151 ## - HEADING--GEOGRAPHIC NAME
- Geographic name: United States
- General subdivision: History
- Chronological subdivision: Revolution, 1775-1783
- General subdivision: Maps
670 ## - SOURCE DATA FOUND
- Source citation: Work cat.: (): Cappon Lester J. 413750, Atlas of early American history :, 1976
